000 00437nam a2200181Ia 4500
001 16101
005 20260306170245.0
008 260306t2013||||xx |||||||||||||| ||und||
041 _aESP
082 _a346.6
_bR76
100 _aRodríguez-Rosado, Bruno
_eAUT
245 0 _aResolución y sinalagma contractual
260 _c2013
300 _a323 páginas :
_c23 cm.
650 _aGEN
654 _aCDE
942 _cLIB
_dJUS
_fJUS
_2ddc
_n
999 _c16101
_d16101